| 000 | 00442nam a2200157 i 4500 | ||
|---|---|---|---|
| 001 | 103714 | ||
| 003 | ES-MaACL | ||
| 005 | 20230906183430.0 | ||
| 007 | t| | ||
| 008 | 051117s1935 sp ||||1| spa d | ||
| 100 | 1 |
_aMerino, Ramiro. _980531 |
|
| 245 | 1 | 0 |
_aCuriosidad literaria _b: la cartilla en verso / _cpor Ramiro Merino. |
| 260 |
_aMadrid : _bUnión Poligráfica, _c1935. |
||
| 300 |
_a32 p. ; _c17 cm. |
||
| 852 |
_aES-MaACL _j1815-F-9 |
||
| 999 |
_c103714 _d103714 |
||